Animals By Picture - Close Up Feet - Statistics

General Stats
  • This quiz has been taken 1,537 times
  • The average score is 10 of 15
Answer Stats
Picture Answer % Correct
Duck
97%
Human
92%
Frog
90%
Rhino
89%
Gorilla
88%
Koala
80%
Gecko
77%
Armadillo
70%
Ostrich
60%
Platypus
59%
Cat
55%
Mole
52%
Tortoise
51%
Aye-Aye
22%
Raccoon
18%
No matching quizzes found
Score Distribution
Percent of People with Each Score
Percentile by Number Answered
Your Score History
You have not taken this quiz